|
|
|
|
| LEADER |
00000nam a2200000 4500 |
| 001 |
RU/URAIT/473003 |
| 003 |
https://urait.ru/bcode/473003 |
| 005 |
20250827050525.1 |
| 010 |
|
|
|a 978-5-534-08606-5
|d 1139.00
|
| 073 |
|
1 |
|a 9785534086065
|d 1139.00
|
| 100 |
|
|
|a 20180905d2021 km y0rusy50 ca
|
| 101 |
0 |
|
|a rus
|
| 102 |
|
|
|a RU
|
| 105 |
|
|
|a y j 000yy
|
| 106 |
|
|
|a s
|
| 200 |
1 |
|
|a Оценка рисков и гарантии в конфликтах
|e учебное пособие для вузов
|f В. И. Жуковский, М. Е. Салуквадзе.
|
| 205 |
|
|
|a 2-е изд.
|b испр. и доп
|
| 210 |
|
|
|a Москва
|c Юрайт
|d 2021
|
| 215 |
|
|
|a 364 с
|
| 225 |
1 |
|
|a Высшее образование
|
| 230 |
|
|
|a Электрон. дан.
|
| 300 |
|
|
|a URL: https://urait.ru/bcode/473003 (дата обращения: 27.08.2025).
|
| 330 |
|
|
|a В пособии рассматриваются способы принятия решений и учета рисков в конфликтных ситуациях. Авторами изложены общие сведения из теории игр, исследования операций и математического программирования. Дается характеристика принятия решений различными типами игроков — рискофобами, рискофилами и рисконейтралами — на основе методик Дж. Нэша, Ж. Бертрана, В. Парето, Г. Хоттелинга и других. Издание сопровождается комментарием к каждой главе, авторским послесловием, а также разделом с краткими биографиями упоминаемых в книге ученых.
|
| 337 |
|
|
|a Режим доступа: Электронно-библиотечная система Юрайт, для авториз. пользователей
|
| 610 |
2 |
|
|a Страхование. Управление рисками
|
| 610 |
2 |
|
|a Экономические науки
|
| 610 |
2 |
|
|a Теория игр и методы принятия решений
|
| 610 |
2 |
|
|a Оценка рисков
|
| 610 |
2 |
|
|a Динамические системы
|
| 610 |
2 |
|
|a Оценка и анализ рисков
|
| 610 |
2 |
|
|a Анализ и оценка рисков
|
| 610 |
2 |
|
|a Оценка рисков и угроз
|
| 610 |
2 |
|
|a Методы оценки рисков
|
| 675 |
|
|
|a 519.2(075.8)
|
| 686 |
|
|
|a 22.17я73
|2 rubbk
|
| 700 |
|
1 |
|a Жуковский
|b В. И.
|g Владислав Иосифович
|
| 701 |
|
1 |
|a Салуквадзе
|b М. Е.
|g Миндия Евгеньевич
|
| 801 |
|
0 |
|a RU
|b ИКО Юрайт
|c 20180905
|g RCR
|2 rusmarc
|
| 801 |
|
1 |
|a RU
|b ИКО Юрайт
|c 20180905
|g RCR
|2 rusmarc
|
| 856 |
4 |
0 |
|n Юрайт
|g Электронная книга
|q html
|h ЮРАЙТ
|v 20250912
|2 Показать документ
|u https://urait.ru/bcode/473003
|
| 955 |
|
|
|a учебное пособие
|
| 957 |
|
|
|a Теория игр и методы принятия решений
|
| 957 |
|
|
|a Оценка рисков
|
| 957 |
|
|
|a Динамические системы
|
| 957 |
|
|
|a Оценка и анализ рисков
|
| 957 |
|
|
|a Анализ и оценка рисков
|
| 957 |
|
|
|a Оценка рисков и угроз
|
| 957 |
|
|
|a Методы оценки рисков
|
| 900 |
|
|
|l
|